| 000 | 00971cam a2200205 4500 | ||
|---|---|---|---|
| 001 | WB3807-07 | ||
| 008 | 020221n2002 000 0 eng u | ||
| 035 | _a(Sirsi) u116794 | ||
| 245 | _aUK emissions trading scheme | ||
| 260 | _c2002 | ||
| 490 |
_aDEFRA News Release _v(71/02) 20 February 2002, (2) |
||
| 520 | _aGovernment to reschedule the incentive auction for entry into the UK Emissions Trading Scheme from 25 February 2002 to 11 March 2002. Decision taken in response to meetings with potential participants. The Emission Trading Scheme is introduced to reduce greenhouse gas emissions as part of the UK Climate Change Programme. For news release: http://www.defra.gov.uk/news/2002/020220a.htm | ||
| 590 | _aWB | ||
| 650 | _aUK EMISSIONS TRADING SCHEME | ||
| 650 | _aUK CLIMATE CHANGE PROGRAMME | ||
| 650 | _aGREENHOUSE GASES | ||
| 650 | _aEMISSIONS TRADING SCHEME | ||
| 690 | _aENVIRONMENTAL AND LAND CONSULTANCY-ENVIRONMENTAL MANAGEMENT | ||
| 942 | _n0 | ||
| 999 |
_c69561 _d69561 |
||